| 000 | 00748nam a2200217 a 4500 | ||
|---|---|---|---|
| 001 | 3598 | ||
| 003 | CDMR | ||
| 005 | 20131115121801.0 | ||
| 008 | 130130s1974||||||||||||||||||||||||||||d | ||
| 020 | _a0714508578 | ||
| 040 |
_aCDMR _bcat _cCDMR |
||
| 100 | 1 |
_aHoch, Paul _92566 |
|
| 245 | 1 | 4 |
_aThe newspaper game _b: the political sociology of the press : an inquiry into behind the scenes organization, financing and brainwashing techniques of the news media _cby Paul Hoch |
| 260 |
_aLondon _c1974 _bCalder & Boyars |
||
| 300 | _a217 p. | ||
| 490 | 0 | _aOpen Forum | |
| 650 | 0 | 4 |
_9999 _aPeriodisme _xAspectes polítics |
| 650 | 0 | 4 |
_94146 _aPremsa _xAspectes econòmics |
| 650 | 0 | 4 |
_93243 _aMitjans de comunicació de massa _xManipulació |
| 942 |
_cMON _2udc |
||
| 999 |
_c3598 _d3598 |
||